Online Catalogue and eLibrary

An introduction to Sufism (Record no. 944)

MARC details
000 -LEADER
fixed length control field 00221nam a2200097Ia 4500
008 - FIXED-LENGTH DATA ELEMENTS--GENERAL INFORMATION
fixed length control field 240331s9999 xx 000 0 und d
082 ## - DDC Classification
Class No. 297.4
Item Number - Author Mark BUR
100 ## - MAIN ENTRY--PERSONAL NAME
Personal name Burckhardt, T
245 #3 - TITLE STATEMENT
Title An introduction to Sufism
942 ## - Koha item type (Biblio)
Koha item type Books in Stacks (Lending)
Holdings
Lost status Damaged status Collection code Home library Current library Shelving location Date acquired Full call number Accession Number Item type
    Lending WERC Library WERC Library Social Science Cupboard 03/31/2024 297.4 BUR 529 Books in Stacks (Lending)

© WERC Library